Bài tập vật lí cơ học và nhiệt động lực học

Sách gồm các bài tập vật lí cơ học và nhiệt động lực học như: Động học chất điểm, hệ chất điểm, trường hấp dẫn, chuyển động qui chiếu không quán tính, động vật học và động lực học vật rắn, cơ học chất lưu, khí thực và một va...

Täydet tiedot

Tallennettuna:
Bibliografiset tiedot
Päätekijä: Vũ, Văn Hùng
Aineistotyyppi: Kirja
Kieli:Undetermined
Julkaistu: Hà Nội Đại học Sư phạm 2007
Aiheet:
Tagit: Lisää tagi
Ei tageja, Lisää ensimmäinen tagi!
Thư viện lưu trữ: Trung tâm Học liệu Trường Đại học Cần Thơ
LEADER 01388nam a2200205Ia 4500
001 CTU_150454
008 210402s9999 xx 000 0 und d
020 |c 36000 
082 |a 531.1076 
082 |b H513 
100 |a Vũ, Văn Hùng 
245 0 |a Bài tập vật lí cơ học và nhiệt động lực học 
245 0 |c Vũ Văn Hùng, Hoàng Văn Tích 
260 |a Hà Nội 
260 |b Đại học Sư phạm 
260 |c 2007 
520 |a Sách gồm các bài tập vật lí cơ học và nhiệt động lực học như: Động học chất điểm, hệ chất điểm, trường hấp dẫn, chuyển động qui chiếu không quán tính, động vật học và động lực học vật rắn, cơ học chất lưu, khí thực và một vài tính chất của chất lỏng, chất khí, các nguyên lý thứ không và thứ nhiệt động lực học, entropy và nguyên lý 2, nguyên lý 3 nhiệt động lực học, thế nhiệt động, đại lượng nhiệt động và cân bằng pha trong các hệ đơn giản - quy tắc pha 
650 |a Physics,Mechanics,Cơ khí,Vật lý 
904 |i Dương, Hằng 
980 |a Trung tâm Học liệu Trường Đại học Cần Thơ